What Mona Lisa knew (Record no. 91212)

MARC details
000 -LEADER
fixed length control field 00499nam a2200181Ia 4500
008 - FIXED-LENGTH DATA ELEMENTS--GENERAL INFORMATION
fixed length control field 230125s9999 xx 000 0 und d
020 ## - INTERNATIONAL STANDARD BOOK NUMBER
International Standard Book Number 0-929923-20-0
041 ## - LANGUAGE CODE
Language code of text/sound track or separate title eng
082 ## - DEWEY DECIMAL CLASSIFICATION NUMBER
Classification number 305.4
Item number MAC
100 ## - MAIN ENTRY--PERSONAL NAME
Personal name Mackoff B
9 (RLIN) 113938
245 ## - TITLE STATEMENT
Title What Mona Lisa knew
260 ## - PUBLICATION, DISTRIBUTION, ETC. (IMPRINT)
Date of publication, distribution, etc. 1992
Name of publisher, distributor, etc. Harper Collins Publishers
Place of publication, distribution, etc. New Delhi
300 ## - PHYSICAL DESCRIPTION
Extent 377p
500 ## - GENERAL NOTE
Keywords Women;Stress managment;Women in business
650 ## - SUBJECT ADDED ENTRY--TOPICAL TERM
Topical term or geographic name as entry element Women Study
700 ## - ADDED ENTRY--PERSONAL NAME
Personal name Mackoff B
9 (RLIN) 113938
Holdings
Withdrawn status Lost status Damaged status Not for loan Home library Current library Date acquired Vendor Cost, normal purchase price Bill number Total Checkouts Full call number Barcode Date last seen Cost, replacement price Bill Date Koha item type Original Barcode
        Smt. Hiraben Nanavati Institute of Management & Research for Women Smt. Hiraben Nanavati Institute of Management & Research for Women 01/12/1997 System sales 295.00 5084 /25.11.1997   305.4 MAC B00733 HIMR-BK-733 25/01/2023 295.00 02/12/1997 Books B00733